=LDR 00000nam 2200000 4500 =001 INLIS000000000034573 =005 20130612140455 =008 ***********************************Ind** =035 ##$$a0010-061300000034573 =041 ##$$a Ind =082 ##$$a 540.7 =090 ##$$a 540.7, Per m =100 ##$$a Permana, Irvan =245 ##$$a Memahami kimia SMA/MA, untuk kelas XI semester 1 dan 2 Program ilmu pengetahuan alam, Irvan Permana =260 ##$$a 2009 $b Jakarta =300 ##$$a vi, 194 hlm, ilus, 25 cm =650 ##$$a Kimia - Studi dan Pengajaran =850 ##$$a NBPNMAT =990 ##$$a 94381/BPAP-NTB/2014